1001 ways to improve your conversation & speeches (Record no. 68907)

000 -LEADER
fixed length control field 00432nam a22001577a 4500
003 - CONTROL NUMBER IDENTIFIER
control field NUST - PNEC
005 - DATE AND TIME OF LATEST TRANSACTION
control field 20170116181105.0
008 - FIXED-LENGTH DATA ELEMENTS--GENERAL INFORMATION
fixed length control field 151003b xxu||||| |||| 00| 0 eng d
040 ## - CATALOGING SOURCE
Transcribing agency LIBRARY
082 ## - DEWEY DECIMAL CLASSIFICATION NUMBER
Classification number 808.5 PRO
100 ## - MAIN ENTRY--PERSONAL NAME
9 (RLIN) 12600
Personal name Prochnow, Herbert V.
245 ## - TITLE STATEMENT
Title 1001 ways to improve your conversation & speeches
Statement of responsibility, etc. Herbert V. Prochnow
260 ## - PUBLICATION, DISTRIBUTION, ETC.
Date of publication, distribution, etc. c1952
650 ## - SUBJECT ADDED ENTRY--TOPICAL TERM
9 (RLIN) 5085
Topical term or geographic name entry element English language--Usage
942 ## - ADDED ENTRY ELEMENTS (KOHA)
Source of classification or shelving scheme
Koha item type Book
Holdings
Withdrawn status Lost status Source of classification or shelving scheme Damaged status Not for loan Permanent Location Current Location Shelving location Date acquired Total Checkouts Full call number Barcode Date last seen Price effective from Koha item type
          Pakistan Navy Engineering College (PNEC) Pakistan Navy Engineering College (PNEC)       808.5 PRO PNECLIB-020887 10/03/2015   Book
© 2023 Central Library, National University of Sciences and Technology. All Rights Reserved.